| 000 | 02080cam a2200325 i 4500 | ||
|---|---|---|---|
| 005 | 20250821142654.0 | ||
| 007 | ta | ||
| 008 | 180525s2017 ck ab fr 000 0 spa d | ||
| 020 | _a9789588944692 | ||
| 040 |
_aCO-CtgCURN _bspa _ccoctgcurn |
||
| 043 | _as-ck--- | ||
| 082 | 0 | 4 |
_a303.609861 _bO747o _221 |
| 100 | 1 |
_aOrozco Soto, Gladys, _eautor. |
|
| 245 | 1 | 0 |
_aOjalá nos alcance la vida : _bhistorias de vida de personas mayores víctimas del conflicto armado colombiano / _cinvestigación, entrevistas y redacción Gladys Orozco Soto [y otros once] ; edición de contenido Javier Darío Restrepo, Diana Durán ; ilustración Wilson Martínez Montoya y María Cristina Rueda Traslaviña. |
| 250 | _aPrimera edición. | ||
| 260 |
_aBogotá : _bCentro Nacional de Memoria Histórica, _c2017. |
||
| 300 |
_a300 páginas : _bilustraciones, mapas a color ; _c23 cm. |
||
| 504 | _aBibliografía : página 300. | ||
| 520 | 8 | _aLa mañana no terminaba de clarear y las sombras todavía cubrían los potreros y al grupo de ordeñadores que, sentados sobre sus butacas rústicas, exprimían a las vacas bien maneadas. De pronto empezaron a moverse por la falda unas sombras sigilosas que en silencio se acercaban cada vez más al grupo de ordeñadores. Así, con una profunda sensación de desasosiego, inicia una de las historias de Ojalá Nos Alcance la Vida, un libro con quince historias de vida de personas mayores víctimas del conflicto armado colombiano. | |
| 650 | 1 | 7 |
_aConflicto armado _zColombia _vRelatos personales. _2LEMB |
| 650 | 1 | 7 |
_aDesplazamiento forzado _zColombia _vRelatos personales. _2LEMB |
| 650 | 1 | 7 |
_aVerdad, justicia y reparación _zColombia _vRelatos personales. _2LEMB |
| 650 | 1 | 7 |
_aViolencia _zColombia _vRelatos personales. _2LEMB |
| 700 | 1 |
_aDurán, Diana, _eeditor. |
|
| 700 | 1 |
_aMartínez Montoya, Wilson, _eilustrador. |
|
| 700 | 1 |
_aRestrepo, Javier Darío, _eeditor. |
|
| 700 | 1 |
_aRueda Traslaviña, María Cristina, _eilustrador. |
|
| 942 |
_2ddc _cBK _h303.609861 _iO747o |
||
| 999 |
_c49426 _d49426 _x1 |
||